[Event "DVM U20 2023"]
[Site "Magdeburg GER"]
[Date "2023.12.29"]
[Round "6"]
[White "Friedland, Manfred"]
[Black "Scheinmaier, Mark"]
[Result "1-0"]
[Termination "normal"]
[Board "6.3"]
[WhiteElo "1770"]
[BlackElo "1699"]
[WhiteClock "00:16:58"]
[BlackClock "00:32:10"]
[WhiteTeam "USG Chemnitz"]
[BlackTeam "Karlsruher SF 1853"]
[PlyCount "124"]
[WhiteFideId "16240251"]
[BlackFideId "16238958"]
[EventCountry "GER"]
[EventRounds "7"]
[EventType "team-swiss"]
[EventDate "2023.12.26"]

1. e4 {[%clk 01:30:58]} {[%emt 00:00:02]} c5 {[%clk 01:30:55]} {[%emt
00:00:06]} 2. Nf3 {[%clk 01:31:24]} {[%emt 00:00:03]} e6 {[%clk 01:31:20]}
{[%emt 00:00:05]} 3. d4 {[%clk 01:31:45]} {[%emt 00:00:08]} cxd4 {[%clk
01:31:42]} {[%emt 00:00:09]} 4. Nxd4 {[%clk 01:32:06]} {[%emt 00:00:09]} Nf6
{[%clk 01:32:08]} {[%emt 00:00:03]} 5. Nc3 {[%clk 01:32:21]} {[%emt 00:00:15]}
Nc6 {[%clk 01:32:34]} {[%emt 00:00:04]} 6. Ndb5 {[%clk 01:30:41]} {[%emt
00:02:10]} Bb4 {[%clk 01:32:48]} {[%emt 00:00:16]} 7. a3 {[%clk 01:30:43]}
{[%emt 00:00:28]} Bxc3+ {[%clk 01:33:09]} {[%emt 00:00:09]} 8. Nxc3 {[%clk
01:31:08]} {[%emt 00:00:06]} d5 {[%clk 01:33:33]} {[%emt 00:00:05]} 9. exd5
{[%clk 01:31:34]} {[%emt 00:00:04]} exd5 {[%clk 01:33:57]} {[%emt 00:00:06]}
10. Bd3 {[%clk 01:19:33]} {[%emt 00:12:30]} O-O {[%clk 01:34:20]} {[%emt
00:00:07]} 11. O-O {[%clk 01:19:46]} {[%emt 00:00:17]} d4 {[%clk 01:34:46]}
{[%emt 00:00:04]} 12. Ne4 {[%clk 01:19:33]} {[%emt 00:00:42]} Bf5 {[%clk
01:33:46]} {[%emt 00:01:30]} 13. Bg5 {[%clk 01:16:32]} {[%emt 00:03:32]} Bxe4
{[%clk 01:33:51]} {[%emt 00:00:24]} 14. Bxe4 {[%clk 01:15:39]} {[%emt
00:01:23]} h6 {[%clk 01:34:12]} {[%emt 00:00:10]} 15. Bxf6 {[%clk 01:15:41]}
{[%emt 00:00:27]} Qxf6 {[%clk 01:34:36]} {[%emt 00:00:07]} 16. Qf3 {[%clk
01:14:05]} {[%emt 00:02:06]} Qxf3 {[%clk 01:31:57]} {[%emt 00:03:08]} 17. Bxf3
{[%clk 01:14:24]} {[%emt 00:00:12]} Rac8 {[%clk 01:27:05]} {[%emt 00:05:22]}
18. Rad1 {[%clk 01:11:29]} {[%emt 00:03:24]} Rfe8 {[%clk 00:59:23]} {[%emt
00:28:12]} 19. Rd2 {[%clk 00:58:39]} {[%emt 00:13:21]} b6 {[%clk 00:48:42]}
{[%emt 00:11:11]} 20. h3 {[%clk 00:50:48]} {[%emt 00:08:20]} Kf8 {[%clk
00:26:41]} {[%emt 00:22:31]} 21. Rfd1 {[%clk 00:37:37]} {[%emt 00:13:41]} f5
{[%clk 00:23:01]} {[%emt 00:04:10]} 22. Kf1 {[%clk 00:36:40]} {[%emt 00:01:27]}
Rc7 {[%clk 00:22:22]} {[%emt 00:01:09]} 23. Bxc6 {[%clk 00:28:34]} {[%emt
00:08:36]} Rxc6 {[%clk 00:22:27]} {[%emt 00:00:26]} 24. Re1 {[%clk 00:28:55]}
{[%emt 00:00:09]} Rxe1+ {[%clk 00:17:31]} {[%emt 00:05:26]} 25. Kxe1 {[%clk
00:29:16]} {[%emt 00:00:08]} Ke7 {[%clk 00:15:38]} {[%emt 00:02:23]} 26. Ke2
{[%clk 00:28:46]} {[%emt 00:01:00]} Ke6 {[%clk 00:15:06]} {[%emt 00:01:03]} 27.
Kd3 {[%clk 00:29:03]} {[%emt 00:00:13]} Kd5 {[%clk 00:14:40]} {[%emt 00:00:56]}
28. Re2 {[%clk 00:29:08]} {[%emt 00:00:25]} Rc7 {[%clk 00:13:14]} {[%emt
00:01:57]} 29. Re8 {[%clk 00:28:50]} {[%emt 00:00:47]} Rd7 {[%clk 00:13:15]}
{[%emt 00:00:29]} 30. f4 {[%clk 00:27:47]} {[%emt 00:01:32]} Kc6 {[%clk
00:10:08]} {[%emt 00:03:38]} 31. Re5 {[%clk 00:27:40]} {[%emt 00:00:36]} Rd5
{[%clk 00:10:09]} {[%emt 00:00:28]} 32. Re7 {[%clk 00:27:33]} {[%emt 00:00:39]}
g5 {[%clk 00:04:31]} {[%emt 00:06:08]} 33. Re6+ {[%clk 00:27:09]} {[%emt
00:00:55]} Kc5 {[%clk 00:04:28]} {[%emt 00:00:32]} 34. Rxh6 {[%clk 00:26:54]}
{[%emt 00:00:44]} gxf4 {[%clk 00:04:44]} {[%emt 00:00:14]} 35. Rh4 {[%clk
00:25:12]} {[%emt 00:02:12]} Re5 {[%clk 00:04:12]} {[%emt 00:01:03]} 36. Rxf4
{[%clk 00:25:31]} {[%emt 00:00:10]} Re3+ {[%clk 00:03:59]} {[%emt 00:00:44]}
37. Kd2 {[%clk 00:25:48]} {[%emt 00:00:13]} Re5 {[%clk 00:03:56]} {[%emt
00:00:33]} 38. g4 {[%clk 00:25:06]} {[%emt 00:01:12]} fxg4 {[%clk 00:03:50]}
{[%emt 00:00:36]} 39. hxg4 {[%clk 00:25:30]} {[%emt 00:00:05]} Re3 {[%clk
00:03:51]} {[%emt 00:00:29]} 40. c3 {[%clk 00:19:51]} {[%emt 00:06:09]} Rg3
{[%clk 00:04:01]} {[%emt 00:00:20]} 41. Rxd4 {[%clk 00:17:53]} {[%emt
00:02:27]} Rg2+ {[%clk 00:03:47]} {[%emt 00:00:45]} 42. Kc1 {[%clk 00:29:17]}
{[%emt 00:19:06]} a5 {[%clk 00:33:21]} {[%emt 00:00:56]} 43. a4 {[%clk
00:29:05]} {[%emt 00:00:42]} Rg1+ {[%clk 00:32:39]} {[%emt 00:01:12]} 44. Kc2
{[%clk 00:29:12]} {[%emt 00:00:23]} Rg2+ {[%clk 00:32:43]} {[%emt 00:00:27]}
45. Kb3 {[%clk 00:28:44]} {[%emt 00:00:58]} Rg1 {[%clk 00:32:14]} {[%emt
00:01:00]} 46. Rf4 {[%clk 00:28:53]} {[%emt 00:00:21]} Rg3 {[%clk 00:32:29]}
{[%emt 00:00:14]} 47. Rf5+ {[%clk 00:28:53]} {[%emt 00:00:31]} Kc6 {[%clk
00:32:46]} {[%emt 00:00:14]} 48. g5 {[%clk 00:29:05]} {[%emt 00:00:18]} Rg2
{[%clk 00:32:53]} {[%emt 00:00:22]} 49. Rf6+ {[%clk 00:24:40]} {[%emt
00:04:55]} Kc5 {[%clk 00:33:09]} {[%emt 00:00:14]} 50. g6 {[%clk 00:19:54]}
{[%emt 00:05:15]} Rg4 {[%clk 00:32:08]} {[%emt 00:01:31]} 51. Ka3 {[%clk
00:19:06]} {[%emt 00:01:19]} Rg3 {[%clk 00:32:15]} {[%emt 00:00:22]} 52. Re6
{[%clk 00:19:01]} {[%emt 00:00:35]} Rg4 {[%clk 00:31:50]} {[%emt 00:00:56]} 53.
b4+ {[%clk 00:18:12]} {[%emt 00:01:18]} axb4+ {[%clk 00:31:10]} {[%emt
00:01:11]} 54. cxb4+ {[%clk 00:18:31]} {[%emt 00:00:11]} Kc4 {[%clk 00:31:30]}
{[%emt 00:00:09]} 55. Rc6+ {[%clk 00:18:16]} {[%emt 00:00:45]} Kd5 {[%clk
00:31:29]} {[%emt 00:00:33]} 56. Rxb6 {[%clk 00:18:35]} {[%emt 00:00:11]} Rg3+
{[%clk 00:31:50]} {[%emt 00:00:08]} 57. Kb2 {[%clk 00:18:38]} {[%emt 00:00:27]}
Kc4 {[%clk 00:32:13]} {[%emt 00:00:07]} 58. a5 {[%clk 00:17:32]} {[%emt
00:01:36]} Rg2+ {[%clk 00:32:23]} {[%emt 00:00:21]} 59. Ka3 {[%clk 00:17:22]}
{[%emt 00:00:40]} Rg3+ {[%clk 00:32:07]} {[%emt 00:00:46]} 60. Ka4 {[%clk
00:17:11]} {[%emt 00:00:42]} Rg1 {[%clk 00:31:49]} {[%emt 00:00:47]} 61. Rc6
{[%clk 00:17:04]} {[%emt 00:00:37]} Kd5 {[%clk 00:32:10]} {[%emt 00:00:09]} 62.
Kb5 {[%clk 00:16:58]} {[%emt 00:00:36]} Kc5+ {[%emt 00:01:34]} 1-0

[Event "DVM U20 2023"]
[Site "Magdeburg GER"]
[Date "2023.12.29"]
[Round "6"]
[White "Gülsen, Sinan Yilmaz"]
[Black "Mehner, Lorenz"]
[Result "1-0"]
[Termination "normal"]
[Board "6.4"]
[WhiteElo "1314"]
[BlackElo "1825"]
[WhiteTeam "Karlsruher SF 1853"]
[BlackTeam "USG Chemnitz"]
[PlyCount "53"]
[WhiteFideId "34606017"]
[BlackFideId "16293096"]
[EventCountry "GER"]
[EventRounds "7"]
[EventType "team-swiss"]
[EventDate "2023.12.26"]

1. e4 {[%emt 01:13:11]} c5 {[%emt 00:00:05]} 2. Nf3 {[%emt 00:00:08]} d6 {[%emt
00:00:07]} 3. d4 {[%emt 00:00:06]} cxd4 {[%emt 00:00:04]} 4. Nxd4 {[%emt
00:00:06]} Nf6 {[%emt 00:00:09]} 5. Nc3 {[%emt 00:00:06]} g6 {[%emt 00:00:07]}
6. Be3 {[%emt 00:00:11]} Bg7 {[%emt 00:00:09]} 7. f3 {[%emt 00:00:04]} O-O
{[%emt 00:00:15]} 8. Qd2 {[%emt 00:00:08]} Nc6 {[%emt 00:00:37]} 9. Bc4 {[%emt
00:00:57]} Bd7 {[%emt 00:01:20]} 10. h4 {[%emt 00:01:32]} h5 {[%emt 00:14:36]}
11. O-O-O {[%emt 00:00:15]} Rc8 {[%emt 00:02:58]} 12. Bb3 {[%emt 00:00:33]} Ne5
{[%emt 00:01:27]} 13. Kb1 {[%emt 00:00:29]} Nc4 {[%emt 00:01:58]} 14. Bxc4
{[%emt 00:00:14]} Rxc4 {[%emt 00:00:12]} 15. Nde2 {[%emt 00:00:04]} b5 {[%emt
00:08:40]} 16. Bh6 {[%emt 00:01:27]} b4 {[%emt 00:06:53]} 17. Bxg7 {[%emt
00:00:32]} Kxg7 {[%emt 00:01:28]} 18. Nd5 {[%emt 00:00:44]} Nxd5 {[%emt
00:05:41]} 19. exd5 {[%emt 00:00:14]} Qc7 {[%emt 00:06:18]} 20. Nd4 {[%emt
00:11:45]} Rc8 {[%emt 00:09:00]} 21. g4 {[%emt 00:06:03]} Rh8 {[%emt 00:14:25]}
22. Rde1 {[%emt 00:15:16]} Qb6 {[%emt 00:12:50]} 23. Nf5+ {[%emt 00:20:02]}
Bxf5 {[%emt 00:07:21]} 24. gxf5 {[%emt 00:00:35]} Rd4 {[%emt 00:01:26]} 25. Qg5
{[%emt 00:00:31]} Re8 {[%emt 00:04:11]} 26. fxg6 {[%emt 00:01:46]} fxg6 {[%emt
00:00:48]} 27. Rhg1 {[%emt 00:00:18]} 1-0

[Event "DVM U20 2023"]
[Site "Magdeburg GER"]
[Date "2023.12.29"]
[Round "6"]
[White "Sayouf, Rafif"]
[Black "Haug, Mara"]
[Result "0-1"]
[Termination "normal"]
[Board "6.5"]
[WhiteElo "1346"]
[BlackElo "1691"]
[WhiteClock "00:06:47"]
[BlackClock "00:05:24"]
[WhiteTeam "USG Chemnitz"]
[BlackTeam "Karlsruher SF 1853"]
[PlyCount "120"]
[WhiteFideId "34630333"]
[BlackFideId "16259300"]
[EventCountry "GER"]
[EventRounds "7"]
[EventType "team-swiss"]
[EventDate "2023.12.26"]

1. e4 {[%clk 01:30:59]} {[%emt 00:00:02]} c5 {[%clk 01:30:55]} {[%emt
00:00:05]} 2. Nf3 {[%clk 01:31:02]} {[%emt 00:00:27]} Nc6 {[%clk 01:31:18]}
{[%emt 00:00:05]} 3. d4 {[%clk 01:31:26]} {[%emt 00:00:06]} cxd4 {[%clk
01:31:45]} {[%emt 00:00:04]} 4. Nxd4 {[%clk 01:31:50]} {[%emt 00:00:06]} g6
{[%clk 01:32:09]} {[%emt 00:00:05]} 5. c4 {[%clk 01:32:08]} {[%emt 00:00:13]}
Bg7 {[%clk 01:32:30]} {[%emt 00:00:09]} 6. Be3 {[%clk 01:32:24]} {[%emt
00:00:14]} Nf6 {[%clk 01:32:53]} {[%emt 00:00:07]} 7. Nc3 {[%clk 01:32:39]}
{[%emt 00:00:14]} O-O {[%clk 01:33:06]} {[%emt 00:00:18]} 8. Be2 {[%clk
01:33:01]} {[%emt 00:00:07]} d6 {[%clk 01:33:30]} {[%emt 00:00:06]} 9. f3
{[%clk 01:33:16]} {[%emt 00:00:15]} Bd7 {[%clk 01:33:53]} {[%emt 00:00:07]} 10.
O-O {[%clk 01:33:36]} {[%emt 00:00:09]} Nxd4 {[%clk 01:34:15]} {[%emt
00:00:08]} 11. Bxd4 {[%clk 01:33:55]} {[%emt 00:00:11]} a5 {[%clk 01:34:33]}
{[%emt 00:00:13]} 12. b3 {[%clk 01:16:07]} {[%emt 00:18:17]} Bc6 {[%clk
01:34:03]} {[%emt 00:01:00]} 13. Nd5 {[%clk 01:06:05]} {[%emt 00:10:33]} Bxd5
{[%clk 01:32:02]} {[%emt 00:02:30]} 14. exd5 {[%clk 01:03:38]} {[%emt
00:02:58]} Nd7 {[%clk 01:32:17]} {[%emt 00:00:15]} 15. Bxg7 {[%clk 01:03:55]}
{[%emt 00:00:13]} Kxg7 {[%clk 01:32:45]} {[%emt 00:00:02]} 16. Qd4+ {[%clk
01:01:26]} {[%emt 00:02:58]} Kg8 {[%clk 01:32:53]} {[%emt 00:00:22]} 17. f4
{[%clk 01:01:20]} {[%emt 00:00:36]} Qb6 {[%clk 01:32:15]} {[%emt 00:01:07]} 18.
Qxb6 {[%clk 01:01:31]} {[%emt 00:00:20]} Nxb6 {[%clk 01:32:41]} {[%emt
00:00:04]} 19. f5 {[%clk 01:01:05]} {[%emt 00:00:57]} Nd7 {[%clk 01:30:18]}
{[%emt 00:02:49]} 20. fxg6 {[%clk 00:59:08]} {[%emt 00:02:31]} hxg6 {[%clk
01:22:18]} {[%emt 00:08:29]} 21. Rf3 {[%clk 00:37:07]} {[%emt 00:22:31]} Kg7
{[%clk 01:16:16]} {[%emt 00:06:34]} 22. Re3 {[%clk 00:30:27]} {[%emt 00:07:09]}
Ne5 {[%clk 01:14:46]} {[%emt 00:02:01]} 23. c5 {[%clk 00:30:21]} {[%emt
00:00:36]} Rac8 {[%clk 01:05:15]} {[%emt 00:09:58]} 24. Rc1 {[%clk 00:28:23]}
{[%emt 00:02:31]} Rc7 {[%clk 00:54:30]} {[%emt 00:11:13]} 25. a3 {[%clk
00:23:28]} {[%emt 00:05:28]} f6 {[%clk 00:39:09]} {[%emt 00:15:50]} 26. b4
{[%clk 00:19:05]} {[%emt 00:04:53]} axb4 {[%clk 00:39:30]} {[%emt 00:00:10]}
27. axb4 {[%clk 00:19:29]} {[%emt 00:00:04]} Rd8 {[%clk 00:36:52]} {[%emt
00:03:05]} 28. Bf3 {[%clk 00:16:08]} {[%emt 00:03:55]} Kf7 {[%clk 00:26:25]}
{[%emt 00:10:55]} 29. c6 {[%clk 00:12:44]} {[%emt 00:03:56]} bxc6 {[%clk
00:24:16]} {[%emt 00:02:39]} 30. dxc6 {[%clk 00:13:01]} {[%emt 00:00:14]} Rb8
{[%clk 00:22:19]} {[%emt 00:02:26]} 31. Rb3 {[%clk 00:13:00]} {[%emt 00:00:30]}
Nxf3+ {[%clk 00:21:33]} {[%emt 00:01:17]} 32. gxf3 {[%clk 00:13:24]} {[%emt
00:00:06]} Rb5 {[%clk 00:21:38]} {[%emt 00:00:24]} 33. Kf2 {[%clk 00:12:56]}
{[%emt 00:00:59]} d5 {[%clk 00:21:21]} {[%emt 00:00:47]} 34. f4 {[%clk
00:11:03]} {[%emt 00:02:23]} Ke6 {[%clk 00:20:18]} {[%emt 00:01:32]} 35. Ke3
{[%clk 00:10:06]} {[%emt 00:01:27]} Kd6 {[%clk 00:19:56]} {[%emt 00:00:53]} 36.
Rg1 {[%clk 00:09:43]} {[%emt 00:00:52]} Rxc6 {[%clk 00:18:40]} {[%emt
00:01:47]} 37. Rxg6 {[%clk 00:10:05]} {[%emt 00:00:08]} Rc4 {[%clk 00:18:18]}
{[%emt 00:00:50]} 38. h4 {[%clk 00:10:13]} {[%emt 00:00:23]} Rbxb4 {[%clk
00:17:48]} {[%emt 00:01:01]} 39. Rxb4 {[%clk 00:10:37]} {[%emt 00:00:07]} Rxb4
{[%clk 00:18:12]} {[%emt 00:00:06]} 40. h5 {[%clk 00:10:55]} {[%emt 00:00:12]}
Rb3+ {[%clk 00:18:27]} {[%emt 00:00:14]} 41. Kd4 {[%clk 00:10:38]} {[%emt
00:00:47]} Rh3 {[%clk 00:18:14]} {[%emt 00:00:42]} 42. h6 {[%clk 00:09:27]}
{[%emt 00:01:43]} Rh4 {[%clk 00:17:15]} {[%emt 00:01:27]} 43. Ke3 {[%clk
00:09:05]} {[%emt 00:00:53]} Ke6 {[%clk 00:15:13]} {[%emt 00:02:31]} 44. Kf3
{[%clk 00:08:29]} {[%emt 00:01:06]} Kf5 {[%clk 00:12:08]} {[%emt 00:03:35]} 45.
Rg7 {[%clk 00:06:02]} {[%emt 00:02:58]} Rh3+ {[%clk 00:11:49]} {[%emt
00:00:49]} 46. Kg2 {[%clk 00:06:08]} {[%emt 00:00:24]} Rxh6 {[%clk 00:11:59]}
{[%emt 00:00:20]} 47. Rxe7 {[%clk 00:06:28]} {[%emt 00:00:09]} Kxf4 {[%clk
00:12:04]} {[%emt 00:00:24]} 48. Re1 {[%clk 00:06:13]} {[%emt 00:00:42]} d4
{[%clk 00:10:22]} {[%emt 00:02:15]} 49. Rd1 {[%clk 00:05:41]} {[%emt 00:01:02]}
Ke3 {[%clk 00:08:31]} {[%emt 00:02:20]} 50. Re1+ {[%clk 00:06:03]} {[%emt
00:00:08]} Kd2 {[%clk 00:08:21]} {[%emt 00:00:40]} 51. Re6 {[%clk 00:06:19]}
{[%emt 00:00:15]} d3 {[%clk 00:07:51]} {[%emt 00:00:57]} 52. Rc6 {[%clk
00:06:24]} {[%emt 00:00:28]} Kd1 {[%clk 00:06:37]} {[%emt 00:01:44]} 53. Re6
{[%clk 00:06:32]} {[%emt 00:00:22]} d2 {[%clk 00:05:31]} {[%emt 00:01:35]} 54.
Rc6 {[%clk 00:06:28]} {[%emt 00:00:34]} Rh5 {[%clk 00:03:49]} {[%emt 00:02:13]}
55. Rxf6 {[%clk 00:06:37]} {[%emt 00:00:21]} Kc2 {[%clk 00:03:58]} {[%emt
00:00:21]} 56. Rc6+ {[%clk 00:06:50]} {[%emt 00:00:17]} Kd3 {[%clk 00:04:22]}
{[%emt 00:00:05]} 57. Rd6+ {[%clk 00:06:57]} {[%emt 00:00:25]} Ke3 {[%clk
00:04:21]} {[%emt 00:00:30]} 58. Re6+ {[%clk 00:07:14]} {[%emt 00:00:13]} Kd4
{[%clk 00:04:38]} {[%emt 00:00:10]} 59. Rd6+ {[%clk 00:06:23]} {[%emt
00:01:24]} Rd5 {[%clk 00:04:59]} {[%emt 00:00:09]} 60. Rxd5+ {[%clk 00:06:47]}
{[%emt 00:00:06]} Kxd5 {[%clk 00:05:24]} {[%emt 00:00:05]} 0-1

[Event "DVM U20 2023"]
[Site "Magdeburg GER"]
[Date "2023.12.29"]
[Round "6"]
[White "Scheifel, Maximilian"]
[Black "Finck, Jonathan"]
[Result "1-0"]
[Termination "normal"]
[Board "6.6"]
[WhiteElo "1760"]
[BlackElo "1520"]
[WhiteClock "00:41:02"]
[BlackClock "00:20:19"]
[WhiteTeam "Karlsruher SF 1853"]
[BlackTeam "USG Chemnitz"]
[PlyCount "57"]
[WhiteFideId "16279433"]
[BlackFideId "34630155"]
[EventCountry "GER"]
[EventRounds "7"]
[EventType "team-swiss"]
[EventDate "2023.12.26"]

1. e4 {[%clk 01:30:54]} {[%emt 00:00:05]} e5 {[%clk 01:30:26]} {[%emt
00:00:35]} 2. Nf3 {[%clk 01:31:12]} {[%emt 00:00:12]} Nc6 {[%clk 01:30:30]}
{[%emt 00:00:26]} 3. Bb5 {[%clk 01:31:30]} {[%emt 00:00:12]} Bc5 {[%clk
01:30:22]} {[%emt 00:00:37]} 4. O-O {[%clk 01:31:03]} {[%emt 00:00:58]} Nf6
{[%clk 01:27:18]} {[%emt 00:03:33]} 5. Re1 {[%clk 01:30:58]} {[%emt 00:00:35]}
O-O {[%clk 01:25:53]} {[%emt 00:01:55]} 6. c3 {[%clk 01:29:23]} {[%emt
00:02:05]} Re8 {[%clk 01:17:18]} {[%emt 00:09:05]} 7. d4 {[%clk 01:22:13]}
{[%emt 00:07:41]} exd4 {[%clk 01:14:01]} {[%emt 00:03:46]} 8. e5 {[%clk
01:22:20]} {[%emt 00:00:22]} Nd5 {[%clk 01:08:11]} {[%emt 00:06:21]} 9. cxd4
{[%clk 01:19:44]} {[%emt 00:03:06]} Bb4 {[%clk 01:06:11]} {[%emt 00:02:31]} 10.
Re2 {[%clk 01:13:17]} {[%emt 00:06:56]} d6 {[%clk 01:02:18]} {[%emt 00:04:23]}
11. h3 {[%clk 01:07:46]} {[%emt 00:06:01]} Bd7 {[%clk 00:51:03]} {[%emt
00:11:45]} 12. a3 {[%clk 00:57:55]} {[%emt 00:10:23]} Ba5 {[%clk 00:51:22]}
{[%emt 00:00:09]} 13. b4 {[%clk 00:58:03]} {[%emt 00:00:22]} Bb6 {[%clk
00:51:25]} {[%emt 00:00:28]} 14. Bc4 {[%clk 00:58:18]} {[%emt 00:00:14]} Nde7
{[%clk 00:43:48]} {[%emt 00:08:07]} 15. Bg5 {[%clk 00:52:12]} {[%emt 00:06:36]}
a6 {[%clk 00:38:30]} {[%emt 00:05:49]} 16. Nc3 {[%clk 00:50:19]} {[%emt
00:01:21]} h6 {[%clk 00:31:58]} {[%emt 00:08:04]} 17. Bh4 {[%clk 00:48:49]}
{[%emt 00:02:00]} Bf5 {[%clk 00:28:48]} {[%emt 00:03:39]} 18. Nd5 {[%clk
00:45:18]} {[%emt 00:04:00]} Be6 {[%clk 00:26:22]} {[%emt 00:02:56]} 19. Nxb6
{[%clk 00:43:47]} {[%emt 00:02:02]} cxb6 {[%clk 00:26:28]} {[%emt 00:00:24]}
20. d5 {[%clk 00:44:03]} {[%emt 00:00:14]} b5 {[%clk 00:24:45]} {[%emt
00:02:13]} 21. dxe6 {[%clk 00:42:31]} {[%emt 00:02:02]} bxc4 {[%clk 00:24:44]}
{[%emt 00:00:30]} 22. exd6 {[%clk 00:42:53]} {[%emt 00:00:08]} g5 {[%clk
00:24:42]} {[%emt 00:00:33]} 23. Nxg5 {[%clk 00:42:48]} {[%emt 00:00:35]} hxg5
{[%clk 00:24:41]} {[%emt 00:00:32]} 24. Bxg5 {[%clk 00:43:17]} {[%emt
00:00:01]} f5 {[%clk 00:22:42]} {[%emt 00:02:29]} 25. dxe7 {[%clk 00:41:27]}
{[%emt 00:02:19]} Nxe7 {[%clk 00:22:02]} {[%emt 00:01:10]} 26. Rd2 {[%clk
00:40:45]} {[%emt 00:01:12]} Qb6 {[%clk 00:21:22]} {[%emt 00:01:09]} 27. Rd6
{[%clk 00:40:52]} {[%emt 00:00:23]} Qb5 {[%clk 00:20:47]} {[%emt 00:01:06]} 28.
Qh5 {[%clk 00:40:50]} {[%emt 00:00:32]} Qe5 {[%clk 00:20:19]} {[%emt 00:00:58]}
29. Qf7+ {[%clk 00:41:02]} {[%emt 00:00:18]} 1-0

[Event "DVM U20 2023"]
[Site "Magdeburg GER"]
[Date "2023.12.29"]
[Round "6"]
[White "Struck, Lasse"]
[Black "Geltz, Noah"]
[Result "1/2-1/2"]
[Termination "normal"]
[Board "7.1"]
[WhiteElo "1964"]
[BlackElo "2166"]
[WhiteClock "01:15:22"]
[BlackClock "01:14:20"]
[WhiteTeam "SF Essen-Katernberg 04/32"]
[BlackTeam "SF HN-Biberach 1978"]
[PlyCount "27"]
[WhiteFideId "16255623"]
[BlackFideId "16224256"]
[EventCountry "GER"]
[EventRounds "7"]
[EventType "team-swiss"]
[EventDate "2023.12.26"]

1. d4 {[%clk 01:30:57]} {[%emt 00:00:03]} d5 {[%clk 01:30:49]} {[%emt
00:00:11]} 2. c4 {[%clk 01:31:21]} {[%emt 00:00:06]} c6 {[%clk 01:31:13]}
{[%emt 00:00:05]} 3. cxd5 {[%clk 01:31:28]} {[%emt 00:00:22]} cxd5 {[%clk
01:28:48]} {[%emt 00:02:56]} 4. Nc3 {[%clk 01:31:49]} {[%emt 00:00:10]} Nc6
{[%clk 01:28:54]} {[%emt 00:00:23]} 5. Bf4 {[%clk 01:32:10]} {[%emt 00:00:10]}
Nf6 {[%clk 01:29:04]} {[%emt 00:00:20]} 6. e3 {[%clk 01:32:30]} {[%emt
00:00:09]} a6 {[%clk 01:29:15]} {[%emt 00:00:19]} 7. Be2 {[%clk 01:32:48]}
{[%emt 00:00:12]} Bf5 {[%clk 01:27:10]} {[%emt 00:02:35]} 8. Nf3 {[%clk
01:32:15]} {[%emt 00:01:03]} Rc8 {[%clk 01:27:24]} {[%emt 00:00:18]} 9. O-O
{[%clk 01:27:19]} {[%emt 00:05:25]} e6 {[%clk 01:26:21]} {[%emt 00:01:32]} 10.
Qb3 {[%clk 01:25:52]} {[%emt 00:01:58]} Na5 {[%clk 01:14:00]} {[%emt 00:12:50]}
11. Qa4+ {[%clk 01:25:15]} {[%emt 00:01:07]} Nc6 {[%clk 01:13:33]} {[%emt
00:00:58]} 12. Qb3 {[%clk 01:19:21]} {[%emt 00:06:24]} Na5 {[%clk 01:13:56]}
{[%emt 00:00:07]} 13. Qa4+ {[%clk 01:19:40]} {[%emt 00:00:10]} Nc6 {[%clk
01:14:20]} {[%emt 00:00:06]} 14. Qb3 {[%clk 01:15:22]} {[%emt 00:04:17]}
1/2-1/2